Central Library OPAC University of Rajshahi

GABA in nervous system function / (Record no. 12895)

MARC details
000 -LEADER
fixed length control field 01556cam a2200397 i 4500
001 - CONTROL NUMBER
control field 12895
003 - CONTROL NUMBER IDENTIFIER
rucl marc code BD-RjUL
005 - DATE AND TIME OF LATEST TRANSACTION
control field 20211208235355.0
008 - FIXED-LENGTH DATA ELEMENTS--GENERAL INFORMATION
fixed length control field 140129s1976 nyua b 101 0 eng
020 ## - INTERNATIONAL STANDARD BOOK NUMBER
International Standard Book Number 0890040435
035 ## - SYSTEM CONTROL NUMBER
System control number (BD-RjUL)12945
040 ## - CATALOGING SOURCE
Original cataloging agency DLC
Transcribing agency DLC
Modifying agency DLC
-- BD-RjUL
Language of cataloging eng
041 ## - LANGUAGE CODE
Language code of text/sound track or separate title eng
082 00 - DEWEY DECIMAL CLASSIFICATION NUMBER
Classification number 599.0188
Author mark and year GAB 1976
245 00 - TITLE STATEMENT
Title GABA in nervous system function /
Statement of responsibility, etc. editors, Eugene Roberts, Thomas N. Chase, Donald B. Tower.
260 ## - PUBLICATION, DISTRIBUTION, ETC. (IMPRINT)
Place of publication, distribution, etc. New York :
Name of publisher, distributor, etc. Raven Press,
Date of publication, distribution, etc. c1976.
300 ## - PHYSICAL DESCRIPTION
Pagination xv, 554 p. :
Illustrations ill. ;
Size 25 cm.
490 1# - SERIES STATEMENT
Series statement Kroc Foundation series ; v. 5
500 ## - GENERAL NOTE
General note A workshop sponsored by the City of Hope Medical Center, National Institute of Neurological and Communicative Disorders and Stroke, and Kroc Foundation, Feb. 1975.
504 ## - BIBLIOGRAPHY, ETC. NOTE
Bibliography, etc Includes bibliographical references and index.
650 #0 - SUBJECT ADDED ENTRY--TOPICAL TERM
Topical term or geographic name as entry element GABA
General subdivision Congresses.
9 (RLIN) 40171
Topical term or geographic name as entry element Neural transmission
General subdivision Congresses.
9 (RLIN) 40172
Topical term or geographic name as entry element Nervous system
General subdivision Congresses.
9 (RLIN) 40173
Topical term or geographic name as entry element Neuropsychopharmacology
General subdivision Congresses.
9 (RLIN) 40174
700 1# - ADDED ENTRY--PERSONAL NAME
Personal name Roberts, Eugene,
Dates associated with a name 1920-
Personal name Chase, Thomas N.
Fuller form of name (Thomas Newell),
Dates associated with a name 1932-
Personal name Tower, Donald Bayley.
710 2# - ADDED ENTRY--CORPORATE NAME
Corporate name or jurisdiction name as entry element City of Hope National Medical Center (U.S.)
9 (RLIN) 40179
Corporate name or jurisdiction name as entry element National Institute of Neurological and Communicative Disorders and Stroke.
9 (RLIN) 40180
Corporate name or jurisdiction name as entry element Kroc Foundation.
9 (RLIN) 40181
830 #0 - SERIES ADDED ENTRY--UNIFORM TITLE
Volume number/sequential designation v. 5.
830 #0 - SERIES ADDED ENTRY--UNIFORM TITLE
Uniform title Kroc Foundation series ;
942 ## - ADDED ENTRY ELEMENTS (KOHA)
Source of classification or shelving scheme Dewey Decimal Classification
Koha item type Books
Holdings
Lost status Source of classification or shelving scheme Damaged status Not for loan Permanent Location Current Location Shelving location Date acquired Source of acquisition Cost, normal purchase price Total Checkouts Full call number Date last seen Copy number Koha item type
  Dewey Decimal Classification   Not For Loan Central Library, University of Rajshahi Central Library, University of Rajshahi Reading Room 12/08/1981 Netherland 0.00   599.0188 GAB 1976 29/01/2014 C-1 Books